| 000 | 00617nam a2200193Ia 4500 | ||
|---|---|---|---|
| 008 | 131103s9999 xx 000 0 und d | ||
| 040 | _aLoreto College | ||
| 041 | _aEnglish | ||
| 082 |
_a822.33(ID)/HAM/GRE/822.33/S8/SHA _b- GRE LCLIB/21283(a) |
||
| 245 | 4 |
_aThe heart of Hamlet _b the play Shakespeare wrote _cedited by Bernard Grebanier |
|
| 260 |
_aNew York _bThoms Y.Crowell Comp. _c1967 |
||
| 300 |
_aviii,491 p. _c 19 cm. |
||
| 504 | _aApollo edition | ||
| 650 | _aEnglish Drama | ||
| 651 | _aShakespeare,William - Hamlet - Criticism | ||
| 700 | _aGrebanier,Bernard,ed. | ||
| 850 | _aLCLIB | ||
| 942 | _cBK | ||
| 999 |
_c4470 _d54949 |
||